[Event "Veneto-ch qf 80th"]
[Site "Sottomarina"]
[Date "2021.06.06"]
[Round "5.18"]
[White "Le Van, Alessandro"]
[Black "Roveroni, Silvia"]
[Result "1-0"]
[WhiteElo "1550"]
[BlackElo "999"]
[PlyCount "39"]
[EventDate "2021.06.04"]
[EventType "swiss"]
[EventRounds "5"]
[EventCountry "ITA"]
[SourceTitle "EXT 2024"]
[Source "ChessBase"]
[SourceDate "2023.10.10"]
[SourceVersion "1"]
[SourceVersionDate "2023.10.10"]
[SourceQuality "1"]

1. e4 e5 2. Nf3 Nc6 3. d4 exd4 4. Nxd4 Nf6 5. Nxc6 dxc6 6. Qxd8+ Kxd8 7. Nc3 Bg4 8. f3 Be6 9. Bg5 h6 10. 0-0-0+ Bd6 11. Bf4 Ke7 12. e5 Nd5 13. Nxd5+ Bxd5 14. exd6+ cxd6 15. c4 g5 16. Bg3 Be6 17. Bxd6+ Kd7 18. Be5+ Ke7 19. Bxh8 Rxh8 20. Bd3 1-0